| 000 | 00484nam a22001337a 4500 | ||
|---|---|---|---|
| 020 | _a9781484258019 | ||
| 040 | _cNUST | ||
| 082 | _a006.31 SIL | ||
| 100 |
_a Silaparasetty, Vinita _998310 |
||
| 245 |
_aDeep Learning Projects Using TensorFlow 2: _bNeural Network Development with Python and Keras |
||
| 260 |
_aNew York: _bApress, _c2020. |
||
| 650 |
_a Deep Learning Projects Using TensorFlow 2. Neural Network Development with Python and Keras.NUSTTB2022 _9102784 |
||
| 942 |
_2ddc _cBK |
||
| 999 |
_c591256 _d591256 |
||